Bruce Springsteen and E Street Band members (1973-1985) - Statistics

General Stats
  • This quiz has been taken 123 times
  • The average score is 7 of 12
Answer Stats
Hint Answer % Correct
saxophone player Clarence Clemons
89%
drummer Max Weinberg
86%
guitar player Steve Van Zandt
75%
piano player Roy Bittan
74%
guitar player Nils Lofgren
71%
backing vocalist Patti Scialfa
65%
keyboardist Danny Federici
60%
bass player Garry Tallent
54%
drummer Vini Lopez
34%
drummer Ernest Carter
30%
violinist Suki Lahav
18%
piano player Davey Sancious
3%
No matching quizzes found
Score Distribution
Percent of People with Each Score
Percentile by Number Answered
Your Score History
You have not taken this quiz